Cómo obtener un doctorado: manual para estudiantes y tutores

Uloženo v:
Podrobná bibliografie
Hlavní autoři: Phillips, Estelle M (Autor), Pugh, Derek S (Autor)
Médium: Kniha
Jazyk:španělština
Vydáno: Barcelona Gedisa 2001
Vydání:1a. ed
Edice:Biblioteca de Educación. Herramientas Universitarias
Témata:
Tagy: Přidat tag
Žádné tagy, Buďte první, kdo vytvoří štítek k tomuto záznamu!

MARC

LEADER 00000nam a2200000 a 4500
001 UCG1295
003 CL-VaPUC
008 100429e20010000SP |||||||||||||||||spa|d
020 |a 8474327474 
082 0 4 |a 370  |b PHI  |2 21 
100 0 |a Phillips, Estelle M  |e author  |9 549156 
700 0 |a Pugh, Derek S  |e author  |9 549157 
245 1 0 |a Cómo obtener un doctorado: manual para estudiantes y tutores 
250 |a 1a. ed 
300 |a 271 p 
942 |c BK 
945 |d 20100429 00:00:00  |a cmena 
260 |a Barcelona  |b Gedisa  |c 2001 
650 0 |a Educación superior   |9 223851 
650 7 |a GRADOS ACADEMICOS  |2 CL-VaPUC  |9 257233 
650 7 |a DOCTORADO  |2 CL-VaPUC  |9 535314 
650 7 |a TESIS  |2 CL-VaPUC  |9 257341 
650 0 |a Métodos de investigación   |9 262618 
583 |a last modification  |c 20100429 00:00:00  |k Rodrigo Vera 
490 0 |a Biblioteca de Educación. Herramientas Universitarias 
999 |c 340699  |d 340697 
952 |0 0  |1 0  |4 0  |6 370_000000000000000_PHI_2001  |7 0  |8 C  |9 435669  |a BIBCUR  |b BIBCUR  |d 2019-11-22  |i 4670469  |o 370 PHI 2001  |p 4670469  |r 2025-04-22  |w 2019-11-22  |y BK  |k EXP